guess the laufey song no hints #7 - Statistics

General Stats
  • This quiz has been taken 97 times
    33 since last reset
  • The average score is 89 of 125
Answer Stats
Answer % Correct
a
100%
A
100%
be
100%
I
100%
love
100%
the
94%
And
88%
and
88%
I've
88%
me
88%
never
88%
on
88%
to
88%
I'll
82%
in
82%
my
82%
My
82%
but
76%
call
76%
can
76%
can't
76%
falling
76%
had
76%
I'm
76%
is
76%
Someone
76%
someone
76%
behind
71%
best
71%
Everybody's
71%
go
71%
life
71%
new
71%
Oh
71%
oh
71%
shoulder
71%
this
71%
city
65%
cry
65%
down
65%
find
65%
found
65%
getting
65%
guy
65%
mine
65%
older
65%
only
65%
right
65%
sky
65%
sun's
65%
Bossa
59%
engaged
59%
friend's
59%
June
59%
Moved
59%
nova
59%
out
59%
that
59%
way
59%
won't
59%
air
53%
'Cause
53%
dawning
53%
ocean
53%
(One
53%
room
53%
too
53%
Because
47%
burned
47%
care
47%
fell
47%
Hope
47%
romance
47%
sight
47%
skin
47%
without
47%
all
41%
Lovers
41%
outside
41%
sickly
41%
Stepped
41%
stroll
41%
Touched
41%
three)
29%
two
29%
No matching quizzes found
Score Distribution
Percent of People with Each Score
Percentile by Number Answered
Your Score History
You have not taken this quiz since the last reset